Design thinking for software engineering : creating human-oriented software-intensive products and services / Jennifer Hehn, Daniel Mendez, Walter Brenner, Manfred Broy, editors. (Record no. 22350)

000 -LEADER
fixed length control field 00737nam a22001937a 4500
020 ## - INTERNATIONAL STANDARD BOOK NUMBER
ISBN 9783030905965
082 ## - DEWEY DECIMAL CLASSIFICATION NUMBER
Classification number 005.12
Item number H464 2022
245 ## - TITLE STATEMENT
Title Design thinking for software engineering : creating human-oriented software-intensive products and services / Jennifer Hehn, Daniel Mendez, Walter Brenner, Manfred Broy, editors.
250 ## - EDITION STATEMENT
Edition statement First edition.
260 ## - PUBLICATION, DISTRIBUTION, ETC. (IMPRINT)
Place of publication Switzerland AG :
Name of publisher Springer Cham,
Year of publication c2022.
300 ## - PHYSICAL DESCRIPTION
Number of Pages 1 online resource, xxi, 215 pages :
Other physical details illustrations.
490 ## - SERIES STATEMENT
Series statement Progress in IS.
500 ## - GENERAL NOTE
General note Includes bibliographical references.
650 ## - SUBJECT ADDED ENTRY--TOPICAL TERM
Topical Term Software engineering.
700 ## - ADDED ENTRY--PERSONAL NAME
Personal name Mendez, Daniel, editor.
700 ## - ADDED ENTRY--PERSONAL NAME
Personal name Brenner, Walter, editor.
700 ## - ADDED ENTRY--PERSONAL NAME
Personal name Broy, Manfred, editor.
942 ## - ADDED ENTRY ELEMENTS (KOHA)
Koha item type Electronic Books

No copies available.

Cagayan State University University Library, Carig Campus
Tuguegarao City, Cagayan 3500 | www.csucarig.edu.ph

Powered by Koha